000 01481nam a22001577a 4500
082 _a610
100 _aAjdar Ullah
_9122659
245 _aDesign, Experimentation and Analysis of Mechanical Model using EMG signals for Hand Rehabilitation /
_cAjdar Ullah
264 _aIslamabad :
_bSMME- NUST;
_c2022.
300 _a33p.
_bSoft Copy
_c30cm
500 _aAgeing and accidents all around the world are two of the main causes of disabilities. Even though it is quite expensive, rehabilitation is crucial for enhancing the mobility and quality of life of individuals with disabilities. For rehabilitation purposes, a variety of techniques are employed, including medication, homoeopathic remedies, and rehabilitative gadgets. Few hands rehabilitation gadgets are said to be a successful form of therapy, according to the literature. Due to developments, especially in the fields of robotics and artificial materials, the use of such devices without the assistance of medical professionals is expanding significantly. For hand disability, we have proposed the low-cost mechanical rehabilitation equipment EXOMECHHAND in this study, along with three distinct kinds of resistive plates. The therapist determines the type of resistive plate via Manual Muscle Testing.
650 _aMS Biomedical Engineering (BME)
_9119509
700 _aSupervisor : Dr. Muhammad Asim Waris
_9119524
856 _uhttp://10.250.8.41:8080/xmlui/handle/123456789/30882
942 _2ddc
_cTHE
999 _c609110
_d609110